[Event "AUT-ch U08"]
[Site "Fuerstenfeld"]
[Date "2024.05.19"]
[Round "6"]
[White "Driza, Alexander"]
[Black "Haid, Luis"]
[Result "0-1"]
[WhiteElo "966"]
[BlackElo "800"]
[PlyCount "70"]
[EventDate "2024.05.18"]
[EventType "swiss (rapid)"]
[EventRounds "7"]
[EventCountry "AUT"]
[SourceTitle "EXT 2025"]
[Source "ChessBase"]
[SourceDate "2024.10.14"]
[SourceVersion "1"]
[SourceVersionDate "2024.10.14"]
[SourceQuality "1"]

1. d4 d5 2. c4 dxc4 3. e4 Nf6 4. e5 Nd5 5. Bxc4 Nb6 6. Bb3 e6 7. Qf3 Bb4+ 8. Nd2 0-0 9. Ne2 Nc6 10. a3 Be7 11. Ne4 Nxd4 12. Nxd4 Qxd4 13. 0-0 Qxe5 14. Qg4 Bd6 15. g3 f5 16. Qg5 fxe4 17. Qg4 Qf5 18. Qxf5 Rxf5 19. Re1 Ra5 20. Ba2 Re5 21. Bf4 Rc5 22. Bxd6 cxd6 23. Rxe4 Nc4 24. Re5 d5 25. Re2 Rb5 26. b3 Nxa3 27. Rc1 Bd7 28. Rc7 Rd8 29. Re5 Kf7 30. Kg2 Kf6 31. Rh5 Kg6 32. g4 d4 33. Kf3 Rxh5 34. gxh5+ Kxh5 35. Rxb7 Bc6+ 0-1

[Event "AUT-ch U08"]
[Site "Fuerstenfeld"]
[Date "2024.05.18"]
[Round "3"]
[White "Driza, Alexander"]
[Black "Salkic, Tarik"]
[Result "0-1"]
[WhiteElo "966"]
[BlackElo "933"]
[PlyCount "54"]
[EventDate "2024.05.18"]
[EventType "swiss (rapid)"]
[EventRounds "7"]
[EventCountry "AUT"]
[SourceTitle "EXT 2025"]
[Source "ChessBase"]
[SourceDate "2024.10.14"]
[SourceVersion "1"]
[SourceVersionDate "2024.10.14"]
[SourceQuality "1"]

1. d4 Nf6 2. Nc3 d5 3. Nf3 Nc6 4. e3 e6 5. Bd3 Bd6 6. Bd2 Bd7 7. Qe2 Qe7 8. 0-0-0 0-0 9. Nb5 Rfb8 10. Nxd6 Qxd6 11. h4 a5 12. Kb1 a4 13. h5 a3 14. b3 h6 15. Bc3 Nb4 16. Qd2 Nxd3 17. Qxd3 b5 18. Ne5 b4 19. Nxd7 Qxd7 20. Bd2 Qd6 21. f3 c5 22. g4 Rc8 23. dxc5 Qxc5 24. e4 dxe4 25. fxe4 Nxg4 26. Qg3 Qxc2+ 27. Ka1 Qb2# 0-1